000 00363nam a22001337a 4500
082 _a363.7392
_bHAN
_cD
245 _aHighway air quality impact appraisals
260 _aWashington
_cJun 1978
300 _aviv, 399 p.
_c30 cm.
526 _a0
_b0
_c0
_d363_739200000000000_HIG
526 _a0
_b0
_c0
_d363_739200000000000_HIG
650 _aMCE (D)
942 _2ddc
_cBK
999 _c542852
_d542852